000 00752nam a2200217 a 4500
001 BRL_190
005 20190320210628.0
008 800213s1984----ec-ac#####---#000-0#spa-#
041 _aspa
044 _aec
050 4 _aCT3290
_b.E77 1984
100 1 _aEstrada, Jenny
_923179
245 1 0 _aMujeres de Guayaquil
_bsiglo XVI al siglo XX (índice biográfico)
_cJenny Estrada.
260 _aGuayaquil, Ecuador
_bBanco Central del Ecuador : Archivo Histórico del Guayas
_c1984
300 _axi, 332 p.
_bil., retratos
_c20 cm.
500 _aDonación de Juan Castro y Velázquez
504 _aBibliografía : p. 328-331
650 1 4 _aMujeres
_vBiografía
_zGuayaquil, Ecuador
_923180
651 4 _aGuayaquil (Ecuador)
_vBiografía
_923181
942 _2lcc
_cB
999 _c9003
_d9003